000 00333nam a2200121Ia 4500
008 220204s9999 xx 000 0 und d
082 _a342.4(540)
_bPAR
100 _aPARANJAPE, N V
245 0 _aConstitutional history of India
260 _aAllahabad
_bCentral Law
_c1974
650 _aIndian constitutional law history
942 _cBK
999 _c26165
_d26165